| 000 | 00663nam a2200193 i 4500 | ||
|---|---|---|---|
| 001 | 61437 | ||
| 003 | ES-MaACL | ||
| 005 | 20230906164445.0 | ||
| 007 | t| | ||
| 008 | 031112s1973 sp ||||1| spa d | ||
| 245 | 0 | 3 | _aLa evolución de la estructura en la empresa. |
| 260 |
_aMadrid : _bCentro de Estudios Sociales del Valle de los Caídos, _c1973. |
||
| 300 |
_aXIII, 285 p. ; _c22 cm. |
||
| 490 | 1 |
_aAnales de moral social y económica ; _v30 |
|
| 710 | 2 |
_aCentro de Estudios Sociales del Valle de los Caídos ( _cMadrid) _92675 |
|
| 830 | 0 |
_aAnales de moral social y económica ; _v30 _9182660 |
|
| 852 |
_aES-MaACL _jC-51898 _bR.85569 |
||
| 999 |
_c61437 _d61437 |
||